Colná únia ako forma integračného zoskupenia

Teoretické závery o podmienkach a účinkoch vytvárania colných únií. Colná únia ako vyššia forma integračného zoskupenia ako pásmo voľného obchodu. Príklady colných únií vo svete. Teoretické východiská colnej únie.Obchodné účinky colnej únie.

Gespeichert in:
Bibliographische Detailangaben
1. Verfasser: Valenčáková, Eva
Weitere Verfasser: Výrost, Tomáš, 1978-
Format: Buchkapitel
Sprache:Slowakisch
Schlagworte:
Tags: Tag hinzufügen
Keine Tags, Fügen Sie das erste Tag hinzu!

MARC

LEADER 00000naa$a2200000$$$4500
001 0034301
005 20221207121536.8
041 0 |a slo 
044 |a SK 
245 1 0 |a Colná únia ako forma integračného zoskupenia  |c Eva Valenčáková, Tomáš Výrost 
520 |a Teoretické závery o podmienkach a účinkoch vytvárania colných únií. Colná únia ako vyššia forma integračného zoskupenia ako pásmo voľného obchodu. Príklady colných únií vo svete. Teoretické východiská colnej únie.Obchodné účinky colnej únie. 
610 2 0 |a únie colné 
610 2 0 |a analýzy 
610 2 0 |a svet 
610 2 0 |a zoskupenia integračné medzinárodné 
610 2 0 |a trh spoločný 
610 2 0 |a obchod medzinárodný 
100 1 |a Valenčáková, Eva 
700 1 |a Výrost, Tomáš, 1978-